000 00294nam a2200121 a 4500
008 101021s1959|||| d
100 1 _aKřiž, Ivan
245 1 0 _aDievčenské pole
260 _bČeskoslovenský spisovateľ
_aPraha
_c1959
041 _aslo
020 _c21,10
044 _axo
_cSK
999 _c11946
_d11946